000
00244nam a2200085Ia 4500
008
160329s9999 xx 000 0 und d
245
_a
Reporters Committee for Freedom of the Press
650
_a
Mass Communication.
856
_u
http://www.rcfp.org/
999
_c
292910
_d
292910